[Event "Madrid-chT 2021"]
[Site "Madrid"]
[Date "2021.04.17"]
[Round "8.1"]
[White "Reyes Larena, Juan"]
[Black "Elissalt Cardenas, Hector"]
[Result "1/2-1/2"]
[WhiteElo "2451"]
[BlackElo "2279"]
[PlyCount "120"]
[EventDate "2021.01.23"]
[EventType "team-tourn"]
[EventRounds "14"]
[EventCountry "ESP"]
[SourceTitle "EXT 2022"]
[Source "ChessBase"]
[SourceDate "2021.10.06"]
[SourceVersion "1"]
[SourceVersionDate "2021.10.06"]
[SourceQuality "1"]
[WhiteTeam "San Sebastian de los Reyes"]
[BlackTeam "Tajamar"]
[WhiteTeamCountry "ESP"]
[BlackTeamCountry "ESP"]

1. e4 c5 2. Nf3 e6 3. c3 d5 4. e5 d4 5. Bd3 Nc6 6. Be4 Bd7 7. 0-0 Nge7 8. Re1 Ng6 9. d3 Be7 10. cxd4 cxd4 11. Bxc6 Bxc6 12. Nbd2 0-0 13. Nb3 Bb4 14. Bd2 Bxd2 15. Nbxd2 Nh4 16. Nxh4 Qxh4 17. Ne4 Rad8 18. Qd2 Rd7 19. f4 f5 20. Nc5 Re7 21. Qf2 Qxf2+ 22. Kxf2 Bd5 23. Nb3 Bxb3 24. axb3 a6 25. Rec1 Kf7 26. b4 Rd8 27. Rc5 Red7 28. Rac1 Rd5 29. b5 Rxc5 30. Rxc5 axb5 31. Rxb5 Rd7 32. Ke2 g5 33. g3 Rc7 34. Kd2 gxf4 35. gxf4 Kg6 36. Rb6 Kh5 37. Rd6 Kg4 38. Rxd4 Kf3 39. Rd6 Re7 40. Rd4 Rc7 41. b4 b5 42. Rd6 Re7 43. Rb6 Kxf4 44. Rxb5 Kf3 45. Rb8 Kf4 46. b5 Kxe5 47. Ke3 f4+ 48. Ke2 Rg7 49. Rd8 Rg2+ 50. Kf3 Rxh2 51. d4+ Kf5 52. Rf8+ Kg5 53. Rxf4 Rb2 54. Re4 Kf6 55. Re5 Ke7 56. Rc5 Kd7 57. Ke4 Rb3 58. d5 exd5+ 59. Rxd5+ Kc7 60. Kd4 Rb1 1/2-1/2

[Event "Madrid-chT 2021"]
[Site "Madrid"]
[Date "2021.02.28"]
[Round "2.1"]
[White "Reyes Larena, Juan"]
[Black "Espinosa Aranda, Angel"]
[Result "1/2-1/2"]
[WhiteElo "2451"]
[BlackElo "2485"]
[PlyCount "54"]
[EventDate "2021.01.23"]
[EventType "team-tourn"]
[EventRounds "14"]
[EventCountry "ESP"]
[SourceTitle "EXT 2022"]
[Source "ChessBase"]
[SourceDate "2021.10.06"]
[SourceVersion "1"]
[SourceVersionDate "2021.10.06"]
[SourceQuality "1"]
[WhiteTeam "San Sebastian de los Reyes"]
[BlackTeam "Virgen de Atocha"]
[WhiteTeamCountry "ESP"]
[BlackTeamCountry "ESP"]

1. e4 c5 2. Nf3 d6 3. g3 Nf6 4. d3 g6 5. Bg2 Bg7 6. 0-0 0-0 7. c3 Nc6 8. Re1 Bg4 9. h3 Bxf3 10. Qxf3 Nd7 11. Qe2 Qc7 12. Be3 b5 13. Nd2 b4 14. Rec1 Qb6 15. Nf3 Rab8 16. Qd1 Qa5 17. Nd2 bxc3 18. bxc3 Nb6 19. d4 Qa4 20. Qxa4 Nxa4 21. e5 Rfc8 22. f4 cxd4 23. cxd4 Nb4 24. Rxc8+ Rxc8 25. a3 Nc2 26. Rc1 Nb6 27. Bf2 Nxa3 1/2-1/2

[Event "Madrid-chT 1819"]
[Site "Madrid"]
[Date "2019.01.13"]
[Round "5.1"]
[White "Reyes Larena, Juan"]
[Black "Vallejo Diaz, Javier"]
[Result "1-0"]
[WhiteElo "2451"]
[BlackElo "2382"]
[PlyCount "93"]
[EventDate "2018.11.17"]
[EventType "team-tourn"]
[EventRounds "14"]
[EventCountry "ESP"]
[SourceTitle "CBM 189 Extra"]
[Source "ChessBase"]
[SourceDate "2019.06.03"]
[SourceVersion "1"]
[SourceVersionDate "2019.06.03"]
[SourceQuality "1"]
[WhiteTeam "San Sebastian de los Reyes"]
[BlackTeam "Alcorcon"]
[WhiteTeamCountry "ESP"]
[BlackTeamCountry "ESP"]

1. e4 c5 2. Nf3 d6 3. Nc3 Nf6 4. e5 dxe5 5. Nxe5 Nbd7 6. Nc4 Nb6 7. a4 a6 8. a5 Nxc4 9. Bxc4 Bd7 10. Nd5 Bc6 11. Nxf6+ exf6 12. 0-0 Be7 13. Qh5 0-0 14. Ra3 Be4 15. d3 Bc6 16. Re1 g6 17. Qh6 Kh8 18. d4 Bd7 19. Rae3 Bd6 20. dxc5 Be5 21. Rd1 Re8 22. Rxd7 Qxd7 23. Rh3 Qd1+ 24. Bf1 Kg8 25. Qxh7+ Kf8 26. Rd3 Qh5 27. Qxh5 gxh5 28. f4 Bc7 29. Bd2 Re4 30. g3 Re7 31. Kf2 Kg7 32. b4 Rae8 33. h4 Kg6 34. Rd5 Rd8 35. Bd3+ Kh6 36. c4 Red7 37. Be4 f5 38. Bf3 Kg6 39. Bc3 Bb8 40. Ke2 Re8+ 41. Kd3 Rde7 42. Bd2 Bc7 43. Bg2 Re2 44. Bh3 Rh2 45. Bxf5+ Kh6 46. Rd7 Ree2 47. Rxf7 1-0

[Event "Madrid-chT 1819"]
[Site "Madrid"]
[Date "2018.11.17"]
[Round "1.1"]
[White "Espinosa Aranda, Angel"]
[Black "Reyes Larena, Juan"]
[Result "1-0"]
[WhiteElo "2470"]
[BlackElo "2451"]
[PlyCount "115"]
[EventDate "2018.11.17"]
[EventType "team-tourn"]
[EventRounds "14"]
[EventCountry "ESP"]
[SourceTitle "CBM 189 Extra"]
[Source "ChessBase"]
[SourceDate "2019.06.03"]
[SourceVersion "1"]
[SourceVersionDate "2019.06.03"]
[SourceQuality "1"]
[WhiteTeam "Virgen de Atocha"]
[BlackTeam "San Sebastian de los Reyes"]
[WhiteTeamCountry "ESP"]
[BlackTeamCountry "ESP"]

1. Nf3 Nf6 2. g3 g6 3. b3 Bg7 4. Bb2 0-0 5. Bg2 d6 6. d4 e5 7. dxe5 Nfd7 8. Nc3 dxe5 9. Qd2 Nc6 10. 0-0-0 Nd4 11. h4 h6 12. e3 Nxf3 13. Bxf3 Qf6 14. Bg2 Nb6 15. Ne4 Qc6 16. f4 f5 17. Nc3 e4 18. h5 a5 19. hxg6 Qxg6 20. g4 fxg4 21. Bxe4 Bf5 22. Bxf5 Rxf5 23. e4 Rc5 24. f5 Qc6 25. Nd5 Nxd5 26. exd5 Bxb2+ 27. Kxb2 Qf6+ 28. Qd4 Rf8 29. c4 a4 30. Qxf6 Rxf6 31. Rd4 axb3 32. Rxg4+ Kf8 33. axb3 Ra5 34. Re4 c6 35. Re6 Rxe6 36. fxe6 cxd5 37. Rh5 Ke7 38. cxd5 Kd6 39. Kc3 Ra1 40. Kc4 Rg1 41. b4 Rg4+ 42. Kb5 Re4 43. Ka5 Rg4 44. Rxh6 Kxd5 45. b5 Kc5 46. Rh5+ Kd6 47. Kb6 Rg7 48. Rh6 Re7 49. Rf6 Kd5 50. Rf7 Rxe6+ 51. Kxb7 Kd6 52. b6 Re1 53. Rf2 Ra1 54. Rc2 Kd7 55. Kb8 Ra3 56. b7 Ra1 57. Rd2+ Ke7 58. Rd4 1-0

[Event "Madrid-chT 1516"]
[Site "Madrid"]
[Date "2016.01.23"]
[Round "7.34"]
[White "Reyes Larena, Juan"]
[Black "Suarez Uriel, Adrian"]
[Result "1/2-1/2"]
[WhiteElo "2447"]
[BlackElo "2278"]
[PlyCount "83"]
[EventDate "2015.11.22"]
[EventType "team-tourn"]
[EventRounds "14"]
[EventCountry "ESP"]
[SourceTitle "EXT 2017"]
[Source "ChessBase"]
[SourceDate "2016.10.25"]
[SourceVersion "1"]
[SourceVersionDate "2016.10.25"]
[SourceQuality "1"]
[WhiteTeam "Collado Villalba"]
[BlackTeam "La Casa del Ajedrez"]
[WhiteTeamCountry "ESP"]
[BlackTeamCountry "ESP"]

1. e4 d6 2. d4 Nf6 3. Nc3 e5 4. Nf3 Nbd7 5. Bc4 Be7 6. 0-0 Nb6 7. Be2 exd4 8. Nxd4 0-0 9. a4 a5 10. Re1 Re8 11. Bf1 g6 12. h3 Nfd7 13. Nd5 Bf8 14. Nxb6 Nxb6 15. c3 c6 16. Bf4 d5 17. exd5 Rxe1 18. Qxe1 Nxd5 19. Be5 Qe7 20. Bc4 Bd7 21. Bxd5 cxd5 22. Nf3 f6 23. Bd4 Qxe1+ 24. Nxe1 Kf7 25. Nd3 Bd6 26. Nc5 Bxc5 27. Bxc5 Ra6 28. f3 Rc6 29. Bd4 Bf5 30. Rc1 Bd3 31. Kf2 Re6 32. Be3 g5 33. b4 Rc6 34. bxa5 Rc4 35. Kg1 Rxa4 36. Rd1 Bc4 37. Rb1 Rxa5 38. Rxb7+ Kg6 39. Bd4 Ra6 40. Kh2 Re6 41. Kg3 h5 42. Rb6 1/2-1/2

[Event "Madrid-chT 1314"]
[Site "Madrid"]
[Date "2014.02.23"]
[Round "11.24"]
[White "Reyes Larena, Juan"]
[Black "Madina Yadarola, Martin"]
[Result "1-0"]
[WhiteElo "2436"]
[BlackElo "2276"]
[PlyCount "79"]
[EventDate "2013.11.16"]
[EventType "team-tourn"]
[EventRounds "14"]
[EventCountry "ESP"]
[SourceTitle "EXT 2015"]
[Source "ChessBase"]
[SourceDate "2014.11.20"]
[SourceVersion "1"]
[SourceVersionDate "2014.11.20"]
[SourceQuality "1"]
[WhiteTeam "Collado Villalba"]
[BlackTeam "La Casa del Ajedrez"]
[WhiteTeamCountry "ESP"]
[BlackTeamCountry "ESP"]

1. e4 c5 2. Nf3 d6 3. g3 Nf6 4. d3 g6 5. Bg2 Bg7 6. 0-0 0-0 7. c3 Nc6 8. Re1 e5 9. a3 d5 10. Nbd2 dxe4 11. dxe4 Qc7 12. a4 h6 13. Nc4 Be6 14. Qe2 Rfd8 15. Nfd2 Rd7 16. a5 Rad8 17. Bf1 Ne8 18. h4 Nd6 19. Nxd6 Rxd6 20. a6 b6 21. Nc4 Bxc4 22. Qxc4 Na5 23. Qb5 c4 24. Be3 Qc6 25. Rxa5 bxa5 26. Qxc4 Qd7 27. Qb5 Qc7 28. Qc5 R6d7 29. Ra1 Qb8 30. Qb5 Qa8 31. Qa4 Qb8 32. Bb5 Rd2 33. b3 Rd1+ 34. Rxd1 Rxd1+ 35. Kg2 Bf8 36. Qxa5 Qc8 37. Bc4 Qg4 38. Qxe5 Bg7 39. Qe8+ Kh7 40. Bxf7 1-0

[Event "Madrid-chT 1213 Honor"]
[Site "Madrid"]
[Date "2013.03.03"]
[Round "12.12"]
[White "Reyes Larena, Juan"]
[Black "Fernandez Lledo, Javier"]
[Result "1-0"]
[WhiteElo "2441"]
[BlackElo "2238"]
[PlyCount "85"]
[EventDate "2012.11.18"]
[EventType "team"]
[EventRounds "14"]
[EventCountry "ESP"]
[SourceTitle "EXT 2014"]
[Source "ChessBase"]
[SourceDate "2013.11.20"]
[SourceVersion "1"]
[SourceVersionDate "2013.11.20"]
[SourceQuality "1"]
[WhiteTeam "Collado Villalba"]
[BlackTeam "Pueblo Nuevo"]
[WhiteTeamCountry "ESP"]
[BlackTeamCountry "ESP"]

1. e4 d6 2. d4 Nc6 3. d5 Ne5 4. f4 Ng6 5. Nf3 e5 6. dxe6 fxe6 7. h4 h5 8. Nc3 Qf6 9. g3 Bd7 10. Bd3 Bc6 11. Qe2 0-0-0 12. Be3 Be7 13. 0-0-0 Kb8 14. Rhf1 Nh6 15. Nd4 Bd7 16. Bb5 c6 17. e5 Qf8 18. exd6 Bxd6 19. Bc4 Nf5 20. Nxf5 exf5 21. Qf2 a6 22. Ba7+ Ka8 23. Na4 Bc8 24. Rxd6 Rxd6 25. Nb6+ Kxa7 26. Nd7+ Ka8 27. Nxf8 Rxf8 28. Be2 Rh8 29. Rd1 Rxd1+ 30. Bxd1 Nf8 31. Qd4 Ne6 32. Qe5 Rd8 33. Bxh5 Rd5 34. Qe3 Rd4 35. Bf3 Rd8 36. h5 Rf8 37. Qe5 Rf6 38. b4 Ka7 39. a4 Rf7 40. Be2 Rf6 41. Bd3 Nf8 42. Qc7 Bd7 43. Bxa6 1-0

[Event "Madrid-chT 1213 Honor"]
[Site "Madrid"]
[Date "2013.02.03"]
[Round "8.33"]
[White "Renteria Becerra, Jorge Elicer"]
[Black "Reyes Larena, Juan"]
[Result "1/2-1/2"]
[WhiteElo "2300"]
[BlackElo "2441"]
[PlyCount "43"]
[EventDate "2012.11.18"]
[EventType "team"]
[EventRounds "14"]
[EventCountry "ESP"]
[SourceTitle "EXT 2014"]
[Source "ChessBase"]
[SourceDate "2013.11.20"]
[SourceVersion "1"]
[SourceVersionDate "2013.11.20"]
[SourceQuality "1"]
[WhiteTeam "Villalba 64"]
[BlackTeam "Collado Villalba"]
[WhiteTeamCountry "ESP"]
[BlackTeamCountry "ESP"]

1. d4 Nf6 2. Nf3 g6 3. Bf4 Bg7 4. e3 0-0 5. h3 d6 6. Be2 c5 7. c3 Qb6 8. Qc1 Nc6 9. Nbd2 Nd5 10. Bh2 cxd4 11. exd4 e5 12. Nc4 Qc7 13. dxe5 dxe5 14. 0-0 Nf4 15. Bxf4 exf4 16. Rd1 Be6 17. Ng5 Bxc4 18. Bxc4 h6 19. Nf3 Ne5 20. Be2 Nxf3+ 21. Bxf3 Rad8 22. Qc2 1/2-1/2

[Event "Madrid-chT 1213 Honor"]
[Site "Madrid"]
[Date "2012.12.02"]
[Round "3.24"]
[White "Rubio Mejia, Luis Ignacio"]
[Black "Reyes Larena, Juan"]
[Result "1-0"]
[WhiteElo "2432"]
[BlackElo "2441"]
[PlyCount "55"]
[EventDate "2012.11.18"]
[EventType "team"]
[EventRounds "14"]
[EventCountry "ESP"]
[SourceTitle "EXT 2014"]
[Source "ChessBase"]
[SourceDate "2013.11.20"]
[SourceVersion "1"]
[SourceVersionDate "2013.11.20"]
[SourceQuality "1"]
[WhiteTeam "Virgen de Atocha"]
[BlackTeam "Collado Villalba"]
[WhiteTeamCountry "ESP"]
[BlackTeamCountry "ESP"]

1. d4 g6 2. c4 Bg7 3. Nc3 d6 4. Nf3 Bg4 5. e3 Nf6 6. Be2 0-0 7. 0-0 Re8 8. e4 Nc6 9. d5 Bxf3 10. Bxf3 Na5 11. Be2 c5 12. Bg5 h6 13. Be3 e6 14. Qc2 exd5 15. exd5 Nd7 16. Rae1 Ne5 17. b3 f5 18. Bd2 a6 19. f4 Nd7 20. g4 Bd4+ 21. Kh1 Qf6 22. gxf5 gxf5 23. Bd3 Rxe1 24. Rxe1 Rf8 25. Ne2 b6 26. Ng3 Qh4 27. Nxf5 Qf2 28. Rf1 1-0

[Event "Madrid-chT"]
[Site "Madrid"]
[Date "2011.11.27"]
[Round "3.43"]
[White "Reyes Larena, Juan"]
[Black "Rojo Huerta, Gabriel"]
[Result "1/2-1/2"]
[WhiteElo "2437"]
[BlackElo "2355"]
[PlyCount "77"]
[EventDate "2011.11.13"]
[EventType "team-tourn"]
[EventRounds "14"]
[EventCountry "ESP"]
[SourceTitle "EXT 2013"]
[Source "ChessBase"]
[SourceDate "2012.11.22"]
[SourceVersion "1"]
[SourceVersionDate "2012.11.22"]
[SourceQuality "1"]
[WhiteTeam "Collado Villalba"]
[BlackTeam "La Casa del Ajedrez"]
[WhiteTeamCountry "ESP"]
[BlackTeamCountry "ESP"]

1. e4 c5 2. Nf3 d6 3. c3 Nf6 4. h3 Nc6 5. Bd3 g6 6. 0-0 Bg7 7. Bc2 e5 8. d4 cxd4 9. cxd4 0-0 10. d5 Nb4 11. Nc3 Nxc2 12. Qxc2 Bd7 13. a4 Nh5 14. Qb3 b6 15. Qb4 Qe7 16. a5 Rab8 17. axb6 Rxb6 18. Qa3 Rb7 19. Qa6 Rfb8 20. Bg5 Bf6 21. Bc1 Nf4 22. Re1 Qf8 23. Bxf4 exf4 24. e5 Bxe5 25. Nxe5 dxe5 26. Rxe5 Rxb2 27. Qxa7 Bf5 28. Rae1 R8b7 29. Qa5 Qd6 30. Re8+ Kg7 31. Qa1 Qf6 32. Nd1 R2b6 33. Qa8 Kh6 34. Rg8 Kg5 35. Rh8 Kh6 36. Qf8+ Qg7 37. Qd8 Qf6 38. Qf8+ Qg7 39. Qd8 1/2-1/2

[Event "Madrid-chT 1011"]
[Site "Madrid"]
[Date "2011.03.20"]
[Round "14.22"]
[White "Reyes Larena, Juan"]
[Black "Serrano Salvador, Eduardo"]
[Result "1/2-1/2"]
[WhiteElo "2435"]
[BlackElo "2359"]
[PlyCount "117"]
[EventDate "2010.11.21"]
[EventType "team-tourn"]
[EventRounds "14"]
[EventCountry "ESP"]
[SourceTitle "EXT 2012"]
[Source "ChessBase"]
[SourceDate "2011.11.24"]
[SourceVersion "1"]
[SourceVersionDate "2011.11.24"]
[SourceQuality "1"]
[WhiteTeam "Leganes"]
[BlackTeam "Moratalaz"]
[WhiteTeamCountry "ESP"]
[BlackTeamCountry "ESP"]

1. e4 e5 2. Nf3 Nf6 3. d3 d6 4. g3 g6 5. Bg2 Bg7 6. 0-0 0-0 7. c3 Nbd7 8. Re1 Re8 9. h3 c6 10. Nbd2 d5 11. b4 a5 12. a3 b6 13. Bb2 Bb7 14. Qc2 Qc7 15. c4 d4 16. Rec1 Bf8 17. b5 Nc5 18. a4 Bh6 19. Re1 Bxd2 20. Nxd2 Ne6 21. Qd1 Rac8 22. Rc1 Qd6 23. Nb1 h5 24. Ba3 c5 25. Nd2 h4 26. Nf1 Kg7 27. Rc2 Rh8 28. Bc1 Rcf8 29. f4 hxg3 30. f5 Nd8 31. Nxg3 Nh5 32. Qg4 Rfg8 33. Nxh5+ Rxh5 34. Rf1 Rgh8 35. Rcf2 Rh4 36. Qg3 R4h5 37. fxg6 Qxg6 38. Qxg6+ fxg6 39. h4 Re8 40. Bg5 Bc8 41. Bxd8 Rxd8 42. Rf7+ Kh6 43. Rf8 Rxf8 44. Rxf8 Bg4 45. Rh8+ Kg7 46. Rb8 g5 47. Rb7+ Kf8 48. Rxb6 gxh4 49. Rg6 Be2 50. b6 Rh7 51. Bf1 Bd1 52. Re6 Rb7 53. Bh3 Bxa4 54. Rh6 Bd7 55. Bxd7 Rxd7 56. Rc6 Rb7 57. Rxc5 Rxb6 58. Rxa5 Rb3 59. Rxe5 1/2-1/2

[Event "Madrid-chT 1011"]
[Site "Madrid"]
[Date "2011.01.23"]
[Round "7.32"]
[White "Serrano Salvador, Eduardo"]
[Black "Reyes Larena, Juan"]
[Result "1/2-1/2"]
[WhiteElo "2359"]
[BlackElo "2435"]
[PlyCount "87"]
[EventDate "2010.11.21"]
[EventType "team-tourn"]
[EventRounds "14"]
[EventCountry "ESP"]
[SourceTitle "EXT 2012"]
[Source "ChessBase"]
[SourceDate "2011.11.24"]
[SourceVersion "1"]
[SourceVersionDate "2011.11.24"]
[SourceQuality "1"]
[WhiteTeam "Moratalaz"]
[BlackTeam "Leganes"]
[WhiteTeamCountry "ESP"]
[BlackTeamCountry "ESP"]

1. d4 Nf6 2. Nf3 g6 3. c4 Bg7 4. g3 0-0 5. Bg2 d6 6. Nc3 Nbd7 7. 0-0 e5 8. h3 c6 9. e4 exd4 10. Nxd4 Re8 11. Re1 Nc5 12. Bf4 Nh5 13. Be3 Nf6 14. Qc2 Qe7 15. Rad1 Nfd7 16. Nb3 Na6 17. Bd4 Ne5 18. f4 Nxc4 19. Bxg7 Kxg7 20. Bf1 Nb6 21. Qd2 Nc5 22. Qxd6 Nxb3 23. axb3 Qxd6 24. Rxd6 a5 25. Na4 Nxa4 26. bxa4 Be6 27. e5 Rad8 28. Red1 Rxd6 29. Rxd6 Kf8 30. Kf2 Ke7 31. Ke3 f6 32. h4 fxe5 33. fxe5 Rf8 34. Bd3 Bd5 35. h5 Rf3+ 36. Kd2 Rxg3 37. hxg6 hxg6 38. Rxg6 Rxg6 39. Bxg6 Bb3 40. Ke3 Bxa4 41. b4 axb4 42. Kd4 Bd1 43. Kc5 Bf3 44. Bf5 1/2-1/2

[Event "Benidorm Master op 5th"]
[Site "Benidorm"]
[Date "2008.12.10"]
[Round "10"]
[White "Dreev, Alexey"]
[Black "Reyes Larena, Juan"]
[Result "1-0"]
[WhiteElo "2670"]
[BlackElo "2435"]
[PlyCount "149"]
[EventDate "2008.12.05"]
[EventType "rapid"]
[EventRounds "11"]
[EventCountry "ESP"]
[SourceTitle "CBM 127 Extra"]
[Source "ChessBase"]
[SourceDate "2009.01.08"]
[SourceVersion "2"]
[SourceVersionDate "2009.01.28"]
[SourceQuality "1"]

1. d4 Nf6 2. c4 g6 3. Nc3 Bg7 4. e4 d6 5. f3 0-0 6. Nge2 a6 7. Be3 Nc6 8. Qd2 Rb8 9. Rc1 Bd7 10. Nd1 e5 11. d5 Ne7 12. Nf2 Ne8 13. g3 c5 14. b4 b6 15. Bg2 f5 16. a3 Nf6 17. 0-0 Nh5 18. Rb1 Kh8 19. Nd3 fxe4 20. fxe4 Ng8 21. Rxf8 Qxf8 22. h3 Qc8 23. Kh2 Nhf6 24. Qb2 Ra8 25. bxc5 bxc5 26. Qb6 Ne8 27. Ng1 Nh6 28. Nf3 Nf7 29. Qb7 Kg8 30. Qxc8 Bxc8 31. Bf1 Nf6 32. Nd2 Bh6 33. Bxh6 Nxh6 34. Rb6 Nf7 35. Nxc5 dxc5 36. Rxf6 Rb8 37. Nf3 Rb3 38. Bg2 Rxa3 39. Rc6 Bd7 40. Rxc5 Rc3 41. Rc7 Ba4 42. c5 Bd1 43. Ne1 Re3 44. c6 Rxe1 45. Ra7 Ba4 46. Rxa6 Bxc6 47. Rxc6 Re2 48. Kg1 Rd2 49. Re6 Kg7 50. h4 Rd3 51. Kf2 Rd2+ 52. Kf1 Rd3 53. Kf2 Rd2+ 54. Kg1 Rd3 55. Kh2 Nh6 56. Bh3 Rd2+ 57. Kg1 Rd3 58. Re7+ Kh8 59. Kf2 Ng8 60. Rxe5 Nf6 61. Re7 Rd2+ 62. Ke3 Rd1 63. Ke2 Rd4 64. d6 Rxd6 65. e5 Rb6 66. exf6 Rxf6 67. Be6 h5 68. Bd5 Rd6 69. Be4 Rf6 70. Ke3 Kg8 71. Re5 Kg7 72. Rg5 Kh6 73. Rxg6+ Rxg6 74. Bxg6 Kxg6 75. Ke4 1-0